Normal view
MARC view
- مليكه، لويس كامل
Entry Personal Name
001 - CONTROL NUMBER
- control field: 42851
003 - CONTROL NUMBER IDENTIFIER
- control field: JO-AjAnu
005 - DATE AND TIME OF LATEST TRANSACTION
- control field: 20230606081115.0
008 - FIXED-LENGTH DATA ELEMENTS
- fixed length control field: 230606|| aca||aabn | a|a d
040 ## - CATALOGING SOURCE
- Original cataloging agency: JO-AjAnu
- Transcribing agency: JO-AjAnu
100 ## - HEADING--PERSONAL NAME
- Personal name: مليكه، لويس كامل
670 ## - SOURCE DATA FOUND
- Source citation: Work cat.: (JO-AjAnu)21947: مليكه، لويس كامل, author, التحليل النفسي والمنهج الانساني في العلاج النفسي